000 01350nam a22003617a 4500
003 CHAP
005 20220329140231.0
008 971013s1973 r 00010 d
010 _a48980
011 _a49952
035 _a54102
040 _cCHAP
090 _aTesis
100 0 0 _aRivera Estrada, Ricardo Aníbal.
_997638
245 _aFluctuaciones de las poblaciones de la mosquita (Neolasioptera murtfeldtiana, Felt) y la palomilla de cinco fechas de siembra de girasol (Helianthus annuus L.) en Apodaca, N. L.
260 _aMonterrey, N. L. :
_bEl autor,
_c1973
300 _a78 h.
_b; gráfs.
502 _aTesis (Ing. Agr. Fitotecnista) -- ITESM. División de Ciencias Agropecuarias y Marítimas
590 _aALEPH
_b10
_c20130110
_lUCH01
_h1321
590 _aBATCH-UPD
_b10
_c20130109
_lUCH01
_h2312
590 _aBATCH-UPD
_b10
_c20130110
_lUCH01
_h0103
590 _aBATCH-UPD
_b10
_c20130110
_lUCH01
_h0725
590 _aBATCH-UPD
_b10
_c20130410
_lUCH01
_h0409
590 _aBATCH-UPD
_b10
_c20130914
_lUCH01
_h1544
590 _aCONVERSION
_b10
_c20130109
_lUCH01
_h1327
650 1 4 _aGirasol
_xFechas de siembra.
_948146
650 1 4 _aGirasol
_xPlagas.
_948168
650 1 4 _aNeolasioptera murtfeldtiana.
_980854
650 1 4 _aPalomilla del girasol.
_985017
901 _aBK
942 _cTESIS
949 _bBC
_cTES
_d-119572
_eTS1
_i54102
_si
999 _c48980
_d48980